[Event "Medellin Flores op 30th"]
[Site "Medellin"]
[Date "2023.08.05"]
[Round "5"]
[White "Molina Ballesteros, Juan Sebastian"]
[Black "Zapata Sanchez, Juan Jose"]
[Result "0-1"]
[WhiteElo "1741"]
[BlackElo "1428"]
[PlyCount "56"]
[EventDate "2023.08.03"]
[EventType "swiss"]
[EventRounds "9"]
[EventCountry "COL"]
[SourceTitle "EXT 2024"]
[Source "ChessBase"]
[SourceDate "2023.10.10"]
[SourceVersion "1"]
[SourceVersionDate "2023.10.10"]
[SourceQuality "1"]

1. e4 c6 2. Nf3 d5 3. Nc3 dxe4 4. Nxe4 Nf6 5. Ng3 g6 6. d4 Bg7 7. c3 0-0 8. Bd3 Bg4 9. h3 Bxf3 10. Qxf3 e5 11. Be3 exd4 12. Bxd4 Re8+ 13. Be2 Nbd7 14. 0-0-0 Qa5 15. Bc4 Ne5 16. Bxe5 Qxe5 17. Rhe1 Qxe1 18. Rxe1 Rxe1+ 19. Kc2 Rd8 20. Ne2 a5 21. Qg3 b5 22. Bd3 Nd5 23. f3 Bh6 24. Qh4 Re8 25. Qxh6 R8xe2+ 26. Bxe2 Rxe2+ 27. Kb3 Nb6 28. Qf4 Nc4 0-1

[Event "Sabaneta op-A 2nd"]
[Site "Sabaneta Antioquia"]
[Date "2023.06.29"]
[Round "3"]
[White "Ardila, Oscar Humberto"]
[Black "Molina Ballesteros, Juan Sebastian"]
[Result "1-0"]
[WhiteElo "1958"]
[BlackElo "1780"]
[PlyCount "56"]
[EventDate "2023.06.28"]
[EventType "swiss"]
[EventRounds "9"]
[EventCountry "COL"]
[SourceTitle "CBM 215 Extra"]
[Source "ChessBase"]
[SourceDate "2023.09.30"]
[SourceVersion "1"]
[SourceVersionDate "2023.09.30"]
[SourceQuality "1"]

1. d4 Nf6 2. c4 e6 3. Nf3 b6 4. e3 Bb7 5. Be2 Ne4 6. 0-0 Be7 7. Nbd2 d6 8. Nxe4 Bxe4 9. Nd2 Bb7 10. Bf3 Bxf3 11. Qxf3 Nd7 12. b3 0-0 13. Bb2 c5 14. Rad1 cxd4 15. Bxd4 Bf6 16. Ne4 Be7 17. Qg3 e5 18. Bb2 Qc7 19. Rd2 f5 20. Nc3 Nf6 21. Qh3 g6 22. Nd5 Nxd5 23. Rxd5 Rad8 24. Rfd1 Qc8 25. a4 Qe6 26. e4 Qf7 27. exf5 Qxf5 28. Qxf5 gxf5 1-0

[Event "Medellin Aristizabal Cup"]
[Site "Medellin"]
[Date "2022.07.09"]
[Round "2"]
[White "Chirivi Castiblanco, Jenny Astrid"]
[Black "Molina Ballesteros, Juan Sebastian"]
[Result "1/2-1/2"]
[WhiteElo "2146"]
[BlackElo "1647"]
[PlyCount "83"]
[EventDate "2022.07.08"]
[EventType "swiss"]
[EventRounds "7"]
[EventCountry "COL"]
[SourceTitle "CBM 209 Extra"]
[Source "ChessBase"]
[SourceDate "2022.09.30"]
[SourceVersion "1"]
[SourceVersionDate "2022.09.30"]
[SourceQuality "1"]

1. d4 Nf6 2. c4 e6 3. Nc3 Bb4 4. Qc2 c5 5. dxc5 Qc7 6. a3 Bxc3+ 7. Qxc3 Qxc5 8. Be3 Qe7 9. g3 b6 10. Bg2 Nc6 11. c5 bxc5 12. Bxc5 Qd8 13. Bd6 Bb7 14. e4 Rc8 15. b4 Na5 16. Qd3 Nc4 17. Bf4 d5 18. e5 Nd7 19. Nf3 a5 20. 0-0 axb4 21. axb4 Qb6 22. Rfb1 0-0 23. h4 Ra8 24. h5 Rxa1 25. Rxa1 Ra8 26. Rxa8+ Bxa8 27. Ng5 g6 28. hxg6 hxg6 29. Qb1 Ndxe5 30. Qa1 Qb8 31. b5 Bb7 32. Bf1 Qd8 33. Bxe5 Qxg5 34. Bf4 Qe7 35. Qa7 Qd7 36. Qb8+ Qc8 37. Qa7 Qd7 38. Qb8+ Bc8 39. b6 Qb7 40. Bxc4 Qxb8 41. Bxb8 dxc4 42. Kf1 1/2-1/2

[Event "COL-ch U18"]
[Site "Medellin"]
[Date "2022.06.03"]
[Round "5"]
[White "Molina Ballesteros, Juan Sebastian"]
[Black "Martinez Baquero, Gabriel Santiago"]
[Result "1-0"]
[WhiteElo "1704"]
[BlackElo "1699"]
[PlyCount "69"]
[EventDate "2022.06.01"]
[EventType "swiss"]
[EventRounds "9"]
[EventCountry "COL"]
[SourceTitle "CBM 208 Extra"]
[Source "ChessBase"]
[SourceDate "2022.07.31"]
[SourceVersion "1"]
[SourceVersionDate "2022.07.31"]
[SourceQuality "1"]

1. e4 e6 2. d4 d5 3. e5 c5 4. c3 Nc6 5. Nf3 Qb6 6. a3 Nh6 7. b4 cxd4 8. cxd4 Nf5 9. Be3 Nxe3 10. fxe3 Bd7 11. Nc3 Rc8 12. Rc1 Nxb4 13. axb4 Bxb4 14. Qb3 Qa5 15. Kd2 0-0 16. Bd3 Rc7 17. Ng1 Rfc8 18. Nge2 Ba4 19. Qb2 b5 20. g4 Kf8 21. Rhf1 Ke7 22. Rf3 g6 23. e4 Bd1 24. exd5 Bxe2 25. d6+ Kd7 26. Rxf7+ Ke8 27. Rxc7 Rxc7 28. dxc7 Qxc7 29. Qxb4 Bxg4 30. Bxb5+ Kf7 31. Ne4 Qd8 32. Nf6 Kg7 33. Bd7 Bf5 34. Rc8 a5 35. Qd6 1-0

[Event "COL-ch U18"]
[Site "Medellin"]
[Date "2022.06.02"]
[Round "3"]
[White "Molina Ballesteros, Juan Sebastian"]
[Black "Bermudez, Tomas Alejandro"]
[Result "1-0"]
[WhiteElo "1704"]
[BlackElo "1421"]
[PlyCount "45"]
[EventDate "2022.06.01"]
[EventType "swiss"]
[EventRounds "9"]
[EventCountry "COL"]
[SourceTitle "CBM 208 Extra"]
[Source "ChessBase"]
[SourceDate "2022.07.31"]
[SourceVersion "1"]
[SourceVersionDate "2022.07.31"]
[SourceQuality "1"]

1. e4 c5 2. Nf3 d6 3. d4 cxd4 4. Nxd4 Nf6 5. Nc3 g6 6. Be3 Bg7 7. f3 Nc6 8. Qd2 0-0 9. g4 Bd7 10. h4 Rc8 11. h5 Ne5 12. hxg6 fxg6 13. 0-0-0 Qa5 14. Kb1 b5 15. Nb3 Qc7 16. Be2 Nc4 17. Bxc4+ bxc4 18. Nd4 Rb8 19. Bh6 Qb6 20. b3 Bxh6 21. Qxh6 Rfc8 22. Nd5 cxb3 23. Nxf6+ 1-0

[Event "Medellin Raza op"]
[Site "Medellin"]
[Date "2021.10.07"]
[Round "3"]
[White "Molina Ballesteros, Juan Sebastian"]
[Black "Garces Trujillo, Luis Javier"]
[Result "1-0"]
[WhiteElo "1613"]
[BlackElo "1824"]
[PlyCount "27"]
[EventDate "2021.10.06"]
[EventType "swiss"]
[EventRounds "9"]
[EventCountry "COL"]
[SourceTitle "EXT 2023"]
[Source "ChessBase"]
[SourceDate "2022.10.05"]
[SourceVersion "1"]
[SourceVersionDate "2022.10.05"]
[SourceQuality "1"]

1. e4 e6 2. d4 d5 3. e5 c5 4. c3 Nc6 5. Nf3 f6 6. Bd3 Qb6 7. 0-0 c4 8. Bc2 fxe5 9. Nxe5 Nxe5 10. dxe5 g6 11. Qf3 Bg7 12. Ba4+ Bd7 13. Bxd7+ Kxd7 14. Qf7+ 1-0

[Event "Medellin Raza op"]
[Site "Medellin"]
[Date "2021.10.06"]
[Round "1"]
[White "Molina Ballesteros, Juan Sebastian"]
[Black "Cordoba Roa, Angel Gabriel"]
[Result "0-1"]
[WhiteElo "1613"]
[BlackElo "2009"]
[PlyCount "72"]
[EventDate "2021.10.06"]
[EventType "swiss"]
[EventRounds "9"]
[EventCountry "COL"]
[SourceTitle "EXT 2023"]
[Source "ChessBase"]
[SourceDate "2022.10.05"]
[SourceVersion "1"]
[SourceVersionDate "2022.10.05"]
[SourceQuality "1"]

1. e4 c5 2. Nf3 d6 3. d4 cxd4 4. Nxd4 Nf6 5. Nc3 g6 6. Be3 Bg7 7. f3 Nc6 8. Qd2 0-0 9. Bc4 Bd7 10. 0-0-0 Rb8 11. g4 b5 12. Ncxb5 Ne5 13. Be2 Bxb5 14. Nxb5 Nxf3 15. Bxf3 Rxb5 16. Bd4 Qb8 17. b3 Rc8 18. Kb1 Nd7 19. Bxg7 Kxg7 20. Be2 Rb4 21. h4 h6 22. c4 Ne5 23. Ka1 a5 24. Rb1 Qa8 25. a3 Rbb8 26. Qd4 Rc5 27. Rhc1 Qc6 28. Rc2 Qd7 29. b4 axb4 30. axb4 Rcc8 31. Ra2 Kh7 32. c5 Qe6 33. cxd6 Nc6 34. Qd5 Qf6+ 35. e5 Nxe5 36. Rbb2 Rc1+ 0-1